| 000 | 00381nam a2200145 4500 | ||
|---|---|---|---|
| 008 | 191024s2018||||xo d | ||
| 100 | 1 |
_aCaltíková Milada _91412 |
|
| 245 | 1 | 0 | _aSprievodca dielami slovenskej a svetovej literatúry |
| 250 | _a1.vydanie | ||
| 260 |
_bEnigma _aNitra _c2018 |
||
| 300 | _a282s. | ||
| 020 |
_a9788081330773 _c6,18 |
||
| 041 | 1 | _aslo | |
| 044 |
_axo _cSK |
||
| 999 |
_c22770 _d22770 |
||